| 000 | 00481nam a2200169 i 4500 | ||
|---|---|---|---|
| 001 | 72483 | ||
| 003 | ES-MaACL | ||
| 005 | 20230906171441.0 | ||
| 007 | t| | ||
| 008 | 040901s1907 fr ||||1| fre d | ||
| 100 | 1 |
_aGirault, Arthur. _957249 |
|
| 245 | 1 | 0 |
_aPrincipes de colonisation et de legislation coloniale / _cpar Arthur Girault. |
| 250 | _a3eme ed. | ||
| 260 |
_aParis : _b[s.n., _c1907] ( _fContant Laguerre) |
||
| 300 |
_a2 v. ; _c19 cm. |
||
| 852 |
_aES-MaACL _jF-10820-21 |
||
| 999 |
_c72483 _d72483 |
||